[Event "Wch Blitz"]
[Site "St Petersburg"]
[Date "2018.12.30"]
[Round "13"]
[White "Apryshko, Gleb"]
[Black "Al Sayed, Mohammed"]
[Result "0-1"]
[WhiteElo "2385"]
[BlackElo "2484"]
[PlyCount "74"]
[EventDate "2018.12.29"]
[EventType "swiss (blitz)"]
[EventRounds "21"]
[EventCountry "RUS"]
[SourceTitle "CBM 187 Extra"]
[Source "ChessBase"]
[SourceDate "2018.11.04"]
[SourceVersion "1"]
[SourceVersionDate "2018.11.04"]
[SourceQuality "1"]

1. e4 c5 2. Nf3 d6 3. d4 cxd4 4. Qxd4 Nc6 5. Bb5 Bd7 6. Qd3 Nf6 7. c4 g6 8. h3 Bg7 9. Nc3 0-0 10. 0-0 Ne8 11. Rd1 Nc7 12. Bxc6 Bxc6 13. Nd4 Ne6 14. Be3 Nxd4 15. Bxd4 Qa5 16. Bxg7 Kxg7 17. Qd4+ Kg8 18. a3 Qc5 19. Qxc5 dxc5 20. b4 Rfc8 21. b5 Be8 22. Nd5 Kf8 23. b6 Rc6 24. Rdb1 axb6 25. Nxb6 Ra7 26. a4 Ra5 27. Nd5 e6 28. Nf6 Rc7 29. Nxh7+ Ke7 30. Rb6 Rxa4 31. Rxa4 Bxa4 32. Ng5 Bc6 33. e5 Rd7 34. g4 Rd4 35. Kh2 Rxc4 36. Kg3 Rb4 37. Rxb4 cxb4 0-1

[Event "Wch Blitz"]
[Site "St Petersburg"]
[Date "2018.12.30"]
[Round "15"]
[White "Seliverstov, Vladimir"]
[Black "Al Sayed, Mohammed"]
[Result "0-1"]
[WhiteElo "2462"]
[BlackElo "2484"]
[PlyCount "66"]
[EventDate "2018.12.29"]
[EventType "swiss (blitz)"]
[EventRounds "21"]
[EventCountry "RUS"]
[SourceTitle "CBM 187 Extra"]
[Source "ChessBase"]
[SourceDate "2018.11.04"]
[SourceVersion "1"]
[SourceVersionDate "2018.11.04"]
[SourceQuality "1"]

1. d4 d5 2. Bf4 Nf6 3. e3 c5 4. Nc3 a6 5. Nf3 cxd4 6. exd4 Bg4 7. h3 Bxf3 8. Qxf3 Nc6 9. 0-0-0 e6 10. g4 Be7 11. g5 Nd7 12. h4 Qa5 13. Kb1 Bb4 14. Ne2 Qb6 15. h5 Na5 16. g6 f6 17. h6 gxh6 18. g7 Rg8 19. Qh5+ Ke7 20. Nc1 Rxg7 21. Bxh6 Rf7 22. Bh3 Nc4 23. Nd3 Bc3 24. Bc1 Na3+ 25. Ka1 Nxc2+ 26. Kb1 Na3+ 27. Ka1 Rc8 28. Qe2 Bxd4 29. Nf4 Ne5 30. Bxe6 Nc2+ 31. Kb1 Na3+ 32. Ka1 Rc2 33. Bxf7 Bxb2+ 0-1

[Event "Wch Blitz"]
[Site "St Petersburg"]
[Date "2018.12.29"]
[Round "2"]
[White "Al Sayed, Mohammed"]
[Black "Pogosyan, Stefan"]
[Result "1/2-1/2"]
[WhiteElo "2484"]
[BlackElo "2365"]
[PlyCount "336"]
[EventDate "2018.12.29"]
[EventType "swiss (blitz)"]
[EventRounds "21"]
[EventCountry "RUS"]
[SourceTitle "CBM 187 Extra"]
[Source "ChessBase"]
[SourceDate "2018.11.04"]
[SourceVersion "1"]
[SourceVersionDate "2018.11.04"]
[SourceQuality "1"]

1. d4 Nf6 2. c3 c5 3. Bg5 e6 4. e3 Nc6 5. Nd2 d5 6. Bd3 h6 7. Bh4 Be7 8. Ngf3 g5 9. Bg3 Nh5 10. Be5 Nxe5 11. Nxe5 Nf6 12. h4 gxh4 13. Rxh4 h5 14. Rf4 Bd7 15. Ndf3 Rg8 16. g3 Rg7 17. dxc5 Bxc5 18. Qb3 Bc6 19. Nxc6 bxc6 20. Qb7 Rc8 21. 0-0-0 Bd6 22. Rh4 Qc7 23. Qa6 Rb8 24. Nd4 Qb6 25. Qxb6 Rxb6 26. Be2 Ne4 27. Rf1 Nf6 28. Bxh5 c5 29. Ne2 Ke7 30. Bf3 Rg8 31. Ra4 a6 32. Kc2 Rgb8 33. b3 Nd7 34. Nf4 c4 35. Bxd5 Bxf4 36. Bxc4 Bd6 37. Rxa6 Rxa6 38. Bxa6 Ra8 39. Bd3 Rxa2+ 40. Kb1 Ra7 41. b4 Ne5 42. Be2 Rc7 43. Kb2 Nc4+ 44. Bxc4 Rxc4 45. Kb3 Rc7 46. c4 Rb7 47. b5 Ra7 48. Kc3 Bc5 49. Kd3 f5 50. Rh1 Ra3+ 51. Ke2 Ra2+ 52. Kf3 Rc2 53. Rh4 Kd6 54. Rf4 Ke5 55. g4 Bb6 56. gxf5 exf5 57. Rh4 Ba5 58. Rf4 Be1 59. Kg2 Ba5 60. Kf1 Bc7 61. Rd4 Bb6 62. Rd5+ Ke6 63. Rd3 Rxc4 64. Ra3 Rb4 65. Ra8 Rxb5 66. Kg2 Rb4 67. Kf3 Bc5 68. Ra5 Bd6 69. Ra6 Rh4 70. Ra1 Re4 71. Rh1 Rg4 72. Rh6+ Ke5 73. Rh5 Be7 74. Rh7 Bf6 75. Ra7 Ke6 76. Ra5 Be5 77. Ra6+ Bd6 78. Ra5 Rh4 79. Rb5 Rh3+ 80. Kg2 Rh8 81. Kf3 Rh2 82. Rb6 Rh4 83. Ra6 Rb4 84. Rc6 Rb2 85. Ra6 Rb5 86. Rc6 Ke5 87. Ra6 Bb4 88. Ra8 Be1 89. Ke2 Bb4 90. Kf3 Be7 91. Re8 Ke6 92. Ra8 Rb4 93. Ra5 Kf6 94. Ra6+ Kg5 95. Ra5 Bf6 96. Ra8 Kg6 97. Rg8+ Kf7 98. Ra8 Bh4 99. Ra2 Kg6 100. Ra6+ Kg5 101. Ra2 Rb1 102. Kg2 Rb4 103. Kh3 Rg4 104. Rd2 Rg1 105. Kh2 Rg4 106. Kh3 Kf6 107. Ra2 Rb4 108. Ra6+ Kg5 109. f4+ Kh5 110. Ra5 Bf2 111. Rxf5+ Kg6 112. Re5 Rb3 113. Kg4 Bxe3 114. Re6+ Kf7 115. Re4 Bc5 116. Kf5 Be7 117. Ra4 Rh3 118. Ra7 Rh5+ 119. Kg4 Rb5 120. Ra4 Bf6 121. Rc4 Kg6 122. Ra4 Rb1 123. Rc4 Rg1+ 124. Kf3 Rh1 125. Kg4 Rh4+ 126. Kg3 Rh1 127. Kg4 Rf1 128. Rc6 Rg1+ 129. Kf3 Kf5 130. Rc5+ Ke6 131. Rc6+ Ke7 132. Ke4 Rd1 133. Kf5 Rd5+ 134. Ke4 Ra5 135. Rb6 Kf7 136. Rc6 Kg6 137. Rb6 Ra4+ 138. Kf3 Rc4 139. Ra6 Rb4 140. Rc6 Kf5 141. Rc5+ Ke6 142. Rc6+ Ke7 143. Ra6 Bb2 144. Rc6 Kd7 145. Rc2 Bf6 146. Rd2+ Ke6 147. Ra2 Be7 148. Re2+ Kf6 149. Re4 Rb3+ 150. Kg4 Bd6 151. Rd4 Ke6 152. Re4+ Kd5 153. Ra4 Rb1 154. Kf5 Rb8 155. Ra5+ Kd4 156. Ra4+ Kc5 157. Kg6 Rg8+ 158. Kf5 Rf8+ 159. Kg4 Kb5 160. Rd4 Kc6 161. Kg5 Kc5 162. Ra4 Kd5 163. f5 Be7+ 164. Kf4 Rg8 165. Ra5+ Bc5 166. f6 Rg1 167. Kf5 Rf1+ 168. Kg6 Ke6 1/2-1/2

[Event "Wch Blitz"]
[Site "St Petersburg"]
[Date "2018.12.29"]
[Round "9"]
[White "Bilguun, Sumiya"]
[Black "Al Sayed, Mohammed"]
[Result "1-0"]
[WhiteElo "2497"]
[BlackElo "2484"]
[PlyCount "72"]
[EventDate "2018.12.29"]
[EventType "swiss (blitz)"]
[EventRounds "21"]
[EventCountry "RUS"]
[SourceTitle "CBM 187 Extra"]
[Source "ChessBase"]
[SourceDate "2018.11.04"]
[SourceVersion "1"]
[SourceVersionDate "2018.11.04"]
[SourceQuality "1"]

1. e4 c5 2. Nf3 d6 3. c3 Nf6 4. Bd3 g6 5. 0-0 Nc6 6. Bc2 Bg4 7. h3 Bxf3 8. Qxf3 Bh6 9. b3 0-0 10. Bb2 b5 11. Rd1 e5 12. Bd3 Rb8 13. Bf1 d5 14. exd5 e4 15. Qe2 Qxd5 16. c4 Qf5 17. Bxf6 Qxf6 18. Nc3 bxc4 19. Nxe4 Qd8 20. Qxc4 Bg7 21. Rac1 Rb4 22. Qxc5 Rxe4 23. Qxc6 Re6 24. Qc7 Bd4 25. Qxd8 Rxd8 26. Bc4 Rf6 27. Rf1 Bb6 28. Rcd1 Rd4 29. g3 h5 30. Kg2 h4 31. d3 Kf8 32. Rde1 Rdd6 33. Re4 hxg3 34. fxg3 Rxf1 35. Kxf1 Kg7 36. Ke2 Kf8 1-0

[Event "Wch Blitz"]
[Site "St Petersburg"]
[Date "2018.12.29"]
[Round "11"]
[White "Zablotsky, Sergei"]
[Black "Al Sayed, Mohammed"]
[Result "0-1"]
[WhiteElo "2511"]
[BlackElo "2484"]
[PlyCount "78"]
[EventDate "2018.12.29"]
[EventType "swiss (blitz)"]
[EventRounds "21"]
[EventCountry "RUS"]
[SourceTitle "CBM 187 Extra"]
[Source "ChessBase"]
[SourceDate "2018.11.04"]
[SourceVersion "1"]
[SourceVersionDate "2018.11.04"]
[SourceQuality "1"]

1. Nf3 d5 2. g3 c6 3. Bg2 Bg4 4. 0-0 Nd7 5. d4 e6 6. c4 Ngf6 7. Ne5 Bf5 8. Nc3 Be7 9. h3 Nxe5 10. dxe5 Nd7 11. cxd5 exd5 12. g4 Be6 13. f4 Bc5+ 14. e3 h5 15. f5 Nxe5 16. fxe6 hxg4 17. exf7+ Kf8 18. hxg4 Qh4 19. Rf4 g5 20. Rd4 Qg3 21. Qe2 Bxd4 22. exd4 Nxg4 23. Kf1 Nh2+ 24. Kg1 Ng4 25. Kf1 Rh1+ 26. Bxh1 Nh2+ 27. Qxh2 Qxh2 28. Bg2 Qg3 29. Ne2 Qd3 30. Bxg5 Kxf7 31. Kf2 Rg8 32. Bf4 Rxg2+ 33. Kxg2 Qxe2+ 34. Kg3 Qxb2 35. Rf1 Qxa2 36. Be5+ Ke7 37. Rh1 Qb3+ 38. Kf4 Qc2 39. Rh6 Qd2+ 0-1

[Event "Wch Rapid"]
[Site "St Petersburg"]
[Date "2018.12.28"]
[Round "12"]
[White "Vaisser, Anatoli"]
[Black "Al Sayed, Mohammed"]
[Result "0-1"]
[WhiteElo "2505"]
[BlackElo "2484"]
[PlyCount "128"]
[EventDate "2018.12.26"]
[EventType "swiss (rapid)"]
[EventRounds "15"]
[EventCountry "RUS"]
[SourceTitle "CBM 187 Extra"]
[Source "ChessBase"]
[SourceDate "2018.11.04"]
[SourceVersion "1"]
[SourceVersionDate "2018.11.04"]
[SourceQuality "1"]

1. d4 d5 2. c4 c6 3. cxd5 cxd5 4. Bf4 Nc6 5. e3 Nf6 6. Nc3 Bf5 7. Qb3 Na5 8. Qa4+ Bd7 9. Bb5 Nc6 10. Nf3 e6 11. 0-0 Be7 12. h3 0-0 13. Rac1 a6 14. Bxc6 Bxc6 15. Qb3 Nd7 16. Rc2 Qb6 17. Qxb6 Nxb6 18. Ne5 Rfc8 19. Rfc1 Be8 20. Ne2 Rxc2 21. Rxc2 f6 22. Nd3 g5 23. Bg3 Bg6 24. Nec1 Rc8 25. Rc7 Rxc7 26. Bxc7 Nc4 27. Kf1 Kf7 28. Ke2 Ke8 29. b3 Kd7 30. Bb8 Na5 31. Ba7 Kc7 32. Bc5 Bd8 33. Bf8 b6 34. Nb4 Kb7 35. Ncd3 Nc6 36. Nxc6 Kxc6 37. Nb4+ Kb7 38. Nd3 a5 39. a4 Kc6 40. Kd2 Kd7 41. Kc3 Bc7 42. Ne1 h5 43. g4 h4 44. f3 e5 45. dxe5 fxe5 46. Bh6 Bd8 47. Nd3 Kd6 48. f4 gxf4 49. exf4 d4+ 50. Kd2 e4 51. Ne5 Be8 52. g5 Ke6 53. g6 Be7 54. g7 Bb4+ 55. Ke2 Bh5+ 56. Kf2 e3+ 57. Kg2 Bf7 58. Kf3 Bg8 59. Bg5 Kf5 60. Nc6 Bc5 61. Bxh4 d3 62. Ne7+ Bxe7 63. Bxe7 d2 64. Ke2 Bxb3 0-1

[Event "Wch Blitz"]
[Site "Riadh"]
[Date "2017.12.30"]
[Round "12"]
[White "Al Sayed, Mohammed"]
[Black "Volokitin, Andrei"]
[Result "0-1"]
[WhiteElo "2511"]
[BlackElo "2628"]
[PlyCount "72"]
[EventDate "2017.12.29"]
[EventType "swiss (blitz)"]
[EventRounds "21"]
[EventCountry "SAU"]
[SourceTitle "CBM 182 Extra"]
[Source "ChessBase"]
[SourceDate "2018.02.23"]
[SourceVersion "1"]
[SourceVersionDate "2018.02.23"]
[SourceQuality "1"]

1. d4 Nf6 2. Bg5 e6 3. Nd2 h6 4. Bh4 c5 5. e4 g5 6. Bg3 d5 7. e5 Nfd7 8. h4 Nc6 9. dxc5 g4 10. Qxg4 Ncxe5 11. Qa4 Nc6 12. Nb3 Nxc5 13. Nxc5 Bxc5 14. 0-0-0 Bd7 15. Qb5 Qb6 16. Nf3 Bxf2 17. Bxf2 Qxf2 18. Qxb7 Rb8 19. Qc7 Rc8 20. Qf4 Nd4 21. Rd2 Rxc2+ 22. Kb1 Rxd2 23. Qxd2 Qxd2 24. Nxd2 Rg8 25. Rh3 a5 26. Re3 Ke7 27. g3 Nf5 28. Ra3 Rxg3 29. Rxa5 Rg1 30. Ra3 Ng3 31. Kc2 Nxf1 32. Nf3 Rg2+ 33. Kc3 Rg3 34. Kd4 f6 35. Rc3 Kd6 36. Ra3 e5+ 0-1

[Event "Wch Blitz"]
[Site "Riadh"]
[Date "2017.12.29"]
[Round "7"]
[White "Al Sayed, Mohammed"]
[Black "Malakhov, Vladimir"]
[Result "1-0"]
[WhiteElo "2511"]
[BlackElo "2686"]
[PlyCount "115"]
[EventDate "2017.12.29"]
[EventType "swiss (blitz)"]
[EventRounds "21"]
[EventCountry "SAU"]
[SourceTitle "CBM 182 Extra"]
[Source "ChessBase"]
[SourceDate "2018.02.23"]
[SourceVersion "1"]
[SourceVersionDate "2018.02.23"]
[SourceQuality "1"]

1. d4 g6 2. Bg5 Bg7 3. c3 d6 4. e3 Nf6 5. Bd3 Nbd7 6. Ne2 b6 7. Nd2 Bb7 8. 0-0 0-0 9. a4 a6 10. b4 e5 11. b5 a5 12. Qb3 Qe8 13. Rfe1 e4 14. Bc2 h6 15. Bh4 g5 16. Bg3 Nh5 17. h3 Kh8 18. Bh2 f5 19. Ng3 Nxg3 20. Bxg3 Rc8 21. Bh2 Nf6 22. Rad1 h5 23. c4 Nd7 24. Qb1 h4 25. Nb3 Qe7 26. Qc1 Nf6 27. d5 Nh5 28. Nd4 Bxd4 29. Rxd4 Rce8 30. Qd1 Qf7 31. Qd2 Bc8 32. Bd1 g4 33. hxg4 fxg4 34. Bf4 Qg6 35. g3 h3 36. Kh2 Bf5 37. Be2 Nf6 38. Qc3 Kh7 39. Rd2 Nd7 40. Qc2 Nc5 41. Rd4 Rf7 42. Red1 Ref8 43. R1d2 Nd7 44. Rd1 Ne5 45. Qc3 Nf3+ 46. Bxf3 exf3 47. R4d2 Re8 48. c5 dxc5 49. d6 cxd6 50. Rxd6 Re6 51. Rd8 Qg7 52. Qc4 Rg6 53. Rb8 Rd7 54. Rxd7 Qxd7 55. Be5 Re6 56. Rh8+ Kg6 57. Qf4 Kf7 58. Rh7+ 1-0

[Event "Wch Blitz"]
[Site "Riadh"]
[Date "2017.12.29"]
[Round "5"]
[White "Al Sayed, Mohammed"]
[Black "Movsesian, Sergei"]
[Result "1-0"]
[WhiteElo "2511"]
[BlackElo "2647"]
[PlyCount "121"]
[EventDate "2017.12.29"]
[EventType "swiss (blitz)"]
[EventRounds "21"]
[EventCountry "SAU"]
[SourceTitle "CBM 182 Extra"]
[Source "ChessBase"]
[SourceDate "2018.02.23"]
[SourceVersion "1"]
[SourceVersionDate "2018.02.23"]
[SourceQuality "1"]

1. d4 d5 2. Bf4 Nf6 3. e3 c5 4. c3 Nc6 5. Nd2 e6 6. Ngf3 cxd4 7. exd4 Nh5 8. Be3 Bd6 9. Ne5 Nf6 10. f4 0-0 11. Bd3 Ne7 12. 0-0 Nf5 13. Bf2 Be7 14. Qf3 Qc7 15. g4 Nd6 16. g5 Nfe4 17. Nxe4 dxe4 18. Bxe4 Nxe4 19. Qxe4 a5 20. Bg3 a4 21. a3 Ra6 22. Rae1 b5 23. Qe2 Qd8 24. Qxb5 Rb6 25. Qxa4 Bd6 26. Nc4 Ra6 27. Qc2 Bb7 28. Re3 Bb8 29. Nd2 Qd5 30. Qe4 Qb5 31. Qc2 Rd8 32. f5 Bxg3 33. hxg3 Qc6 34. Nf3 Qc7 35. Kf2 Bd5 36. fxe6 Bxe6 37. Rfe1 g6 38. Re5 Rb6 39. b4 Ra8 40. Qc1 Rba6 41. Rc5 Qd8 42. d5 Bf5 43. Qf4 Rxa3 44. Re2 Ra2 45. d6 Rxe2+ 46. Kxe2 Ra2+ 47. Ke3 Be6 48. Qf6 Qa8 49. Qe5 Qa3 50. Kf4 Qc1+ 51. Qe3 Qd1 52. Rc7 Qxd6+ 53. Qe5 Qd8 54. Nd4 Rf2+ 55. Ke3 Ra2 56. Nxe6 Qd2+ 57. Kf3 Qg2+ 58. Kg4 h5+ 59. gxh6 f5+ 60. Kg5 Qd2+ 61. Kf6 1-0

[Event "Asia-chT blitz 5th"]
[Site "Ashkhabad"]
[Date "2017.09.27"]
[Round "4.1"]
[White "Al Sayed, Mohammed"]
[Black "Annaberdiev, Meilis"]
[Result "0-1"]
[WhiteElo "2510"]
[BlackElo "2496"]
[PlyCount "56"]
[EventDate "2017.09.27"]
[EventType "team-swiss (blitz)"]
[EventRounds "5"]
[EventCountry "TKM"]
[SourceTitle "EXT 2018"]
[Source "ChessBase"]
[SourceDate "2017.10.13"]
[SourceVersion "1"]
[SourceVersionDate "2017.10.13"]
[SourceQuality "1"]
[WhiteTeam "Qatar"]
[BlackTeam "Turkmenistan"]
[WhiteTeamCountry "QAT"]
[BlackTeamCountry "TKM"]

1. d4 e6 2. Nf3 Nf6 3. Bg5 d5 4. Nbd2 Be7 5. Bxf6 Bxf6 6. e4 c5 7. exd5 exd5 8. Bb5+ Nc6 9. 0-0 0-0 10. dxc5 Bxb2 11. Rb1 Bf6 12. h3 a6 13. Bd3 Qa5 14. Nb3 Qxa2 15. Qd2 Qa4 16. c3 Na5 17. Nbd4 Qa3 18. Rb4 Nc6 19. Nxc6 bxc6 20. Nd4 Qa5 21. Nb3 Qc7 22. Nd4 Qa7 23. Rb6 Bd7 24. Rfb1 Qc7 25. Rb7 Qc8 26. Qf4 Re8 27. Rc7 Qd8 28. Qf3 Qxc7 0-1

[Event "Asia-chT rapid 5th"]
[Site "Ashkhabad"]
[Date "2017.09.25"]
[Round "1.1"]
[White "Al Sayed, Mohammed"]
[Black "Ahmed, Ashraf"]
[Result "1-0"]
[WhiteElo "2510"]
[BlackElo "1873"]
[PlyCount "59"]
[EventDate "2017.09.25"]
[EventType "team-swiss (rapid)"]
[EventRounds "5"]
[EventCountry "TKM"]
[SourceTitle "EXT 2018"]
[Source "ChessBase"]
[SourceDate "2017.10.13"]
[SourceVersion "1"]
[SourceVersionDate "2017.10.13"]
[SourceQuality "1"]
[WhiteTeam "Qatar"]
[BlackTeam "Maldives"]
[WhiteTeamCountry "QAT"]
[BlackTeamCountry "MDV"]

1. d4 Nf6 2. Bg5 Ne4 3. Bf4 c5 4. f3 Qa5+ 5. c3 Nf6 6. Nd2 Nd5 7. Nb3 Qd8 8. Bd2 cxd4 9. cxd4 e6 10. e4 Nf6 11. Bd3 d5 12. e5 Nfd7 13. f4 Nc6 14. Nf3 Be7 15. 0-0 0-0 16. Rc1 Qb6 17. Kh1 a5 18. a4 Nb4 19. Bb1 Nb8 20. Nc5 Nd7 21. Be3 Nxc5 22. dxc5 Qc7 23. Nd4 Bd7 24. Nb5 Qc6 25. Qh5 g6 26. Qh6 Rfd8 27. b3 Bf8 28. Qh4 Na6 29. Nd6 Nc7 30. Nxf7 1-0

[Event "Asia-chT KO rapid 5th"]
[Site "Ashkhabad"]
[Date "2017.09.25"]
[Round "1.1"]
[White "Wang, Yue"]
[Black "Al Sayed, Mohammed"]
[Result "1-0"]
[WhiteElo "2699"]
[BlackElo "2510"]
[PlyCount "119"]
[EventDate "2017.09.25"]
[EventType "team-k.o. (rapid)"]
[EventRounds "2"]
[EventCountry "TKM"]
[SourceTitle "EXT 2018"]
[Source "ChessBase"]
[SourceDate "2017.10.13"]
[SourceVersion "1"]
[SourceVersionDate "2017.10.13"]
[SourceQuality "1"]
[WhiteTeam "China"]
[BlackTeam "Qatar"]
[WhiteTeamCountry "CHN"]
[BlackTeamCountry "QAT"]

1. d4 Nf6 2. Bf4 e6 3. e3 d5 4. Nd2 Bd6 5. Bg3 0-0 6. Ngf3 c5 7. c3 b6 8. Bd3 Nc6 9. Qe2 Bb7 10. Rd1 Qc7 11. e4 Bf4 12. e5 Bxd2+ 13. Nxd2 Nd7 14. Nf3 Rfc8 15. a3 cxd4 16. cxd4 a5 17. h4 Ncb8 18. h5 h6 19. Bf4 Ba6 20. g4 Bxd3 21. Rxd3 Qc2 22. g5 Qxe2+ 23. Kxe2 Rc2+ 24. Rd2 Rxd2+ 25. Bxd2 hxg5 26. Rc1 Na6 27. Bxg5 f6 28. exf6 gxf6 29. Bf4 Kf7 30. Rc6 Re8 31. Kd2 a4 32. Ne1 e5 33. Be3 exd4 34. Bxd4 Nac5 35. Bxc5 Nxc5 36. Nd3 Nxd3 37. Kxd3 Rh8 38. Rxb6 Rxh5 39. Rb4 Rh3+ 40. Kd2 Ke6 41. Rxa4 Rf3 42. Ke2 Rh3 43. Rb4 Ke5 44. a4 Rh1 45. f4+ Kf5 46. Ke3 Re1+ 47. Kd2 Ra1 48. b3 Kg4 49. Rd4 f5 50. Kc3 Kf3 51. Kb2 Rh1 52. a5 Ke3 53. Rxd5 Kxf4 54. a6 Ke4 55. Rd8 Rh2+ 56. Ka3 Rh6 57. Ra8 Re6 58. b4 f4 59. b5 f3 60. Rf8 1-0

[Event "Asian Indoor Games 5th"]
[Site "Ashkhabad"]
[Date "2017.09.24"]
[Round "7"]
[White "Tologontegin, Semetey"]
[Black "Al Sayed, Mohammed"]
[Result "0-1"]
[WhiteElo "2393"]
[BlackElo "2510"]
[PlyCount "92"]
[EventDate "2017.09.21"]
[EventType "swiss"]
[EventRounds "7"]
[EventCountry "TKM"]
[SourceTitle "CBM 180 Extra"]
[Source "ChessBase"]
[SourceDate "2017.10.06"]
[SourceVersion "1"]
[SourceVersionDate "2017.10.06"]
[SourceQuality "1"]

1. d4 Nf6 2. Bf4 c5 3. e3 e6 4. Nc3 Qa5 5. Nge2 Nh5 6. Bg3 Nxg3 7. hxg3 d5 8. a3 g6 9. e4 Bg7 10. exd5 0-0 11. Qd2 cxd4 12. Nxd4 exd5 13. 0-0-0 Be6 14. Qe3 Qb6 15. Na4 Qd6 16. Nxe6 Qxe6 17. Qxe6 fxe6 18. f3 Nc6 19. Nc5 Rae8 20. Bb5 Re7 21. Rhe1 Nd4 22. Bd3 Rc8 23. Na4 Rec7 24. Nc3 Kf7 25. Kb1 a6 26. g4 Rxc3 27. bxc3 Rxc3 28. Rh1 Rxa3 29. Rxh7 Nb5 30. Rxg7+ Kxg7 31. Kb2 Ra5 32. Kb3 Nd4+ 33. Kc3 Nc6 34. Rb1 b5 35. Re1 e5 36. g5 Ra4 37. g3 Ra3+ 38. Kb2 b4 39. g4 a5 40. Rh1 Rc3 41. Ra1 Rc5 42. Re1 a4 43. Re2 a3+ 44. Ka2 Rc3 45. Rh2 b3+ 46. Kb1 Nb4 0-1

[Event "Biel MTO op 50th"]
[Site "Biel"]
[Date "2017.08.01"]
[Round "8"]
[White "Kovalenko, Igor"]
[Black "Al Sayed, Mohammed"]
[Result "0-1"]
[WhiteElo "2659"]
[BlackElo "2508"]
[PlyCount "184"]
[EventDate "2017.07.24"]
[EventType "swiss"]
[EventRounds "9"]
[EventCountry "SUI"]
[SourceTitle "EXT 2018"]
[Source "ChessBase"]
[SourceDate "2017.10.13"]
[SourceVersion "1"]
[SourceVersionDate "2017.10.13"]
[SourceQuality "1"]

1. c4 c6 2. Nf3 d5 3. g3 Bg4 4. Bg2 e6 5. cxd5 Bxf3 6. Bxf3 cxd5 7. 0-0 Nf6 8. d4 Nc6 9. Nc3 Be7 10. e3 0-0 11. Bd2 Rc8 12. Qe2 Qd7 13. Bg2 a6 14. Rfd1 b5 15. Be1 Rc7 16. Bh3 Rfc8 17. e4 Bb4 18. e5 Ne8 19. Rd3 Ba5 20. Qh5 Nb4 21. Rd2 Bb6 22. Rad1 Nc6 23. Bf1 Na5 24. Rd3 Nc4 25. Qe2 g6 26. Rf3 Ng7 27. g4 Qe7 28. h3 Ba5 29. Rdd3 Bb6 30. Rf4 Qg5 31. Rf6 Qc1 32. Nd1 Ba5 33. Bc3 Bxc3 34. Rxc3 Qa1 35. a3 a5 36. Rff3 b4 37. axb4 axb4 38. Rcd3 Na5 39. Kg2 Rc1 40. b3 Nxb3 41. Rxb3 Rxd1 42. Rxb4 Rxd4 43. Rb7 Rf8 44. Qc2 Qa4 45. Qc1 h5 46. Ra3 Qd1 47. Qxd1 Rxd1 48. f4 Rd4 49. Kg3 h4+ 50. Kf3 f5 51. exf6 Rxf6 52. Ra8+ Kh7 53. g5 Rdxf4+ 54. Ke3 Rf3+ 55. Kd2 Rf8 56. Raa7 Rg8 57. Be2 Rf5 58. Bg4 Re5 59. Re7 Kh8 60. Rec7 Re4 61. Rf7 Re5 62. Kd3 Rxg5 63. Kd4 e5+ 64. Kxd5 Rd8+ 65. Ke4 Nf5 66. Rfc7 Ng3+ 67. Kf3 Nf5 68. Ke4 Ng3+ 69. Ke3 Nf5+ 70. Kf3 Kg8 71. Rab7 Kf8 72. Rb4 Nd6 73. Ra4 e4+ 74. Kf4 Rb5 75. Be6 Re8 76. Bd7 Re7 77. Ra6 Rd5 78. Ra8+ Kg7 79. Raa7 Kf6 80. Ke3 Ke5 81. Ke2 Nf5 82. Bc8 Rxc7 83. Rxc7 Kf4 84. Bb7 Rb5 85. Ba8 Ra5 86. Rc8 Ra2+ 87. Kd1 Ra3 88. Re8 e3 89. Bb7 Ra1+ 90. Ke2 Nd4+ 91. Kd3 Rd1+ 92. Kc4 e2 0-1

[Event "Biel MTO op 50th"]
[Site "Biel"]
[Date "2017.07.27"]
[Round "4"]
[White "Baenziger, Fabian"]
[Black "Al Sayed, Mohammed"]
[Result "1/2-1/2"]
[WhiteElo "2354"]
[BlackElo "2508"]
[PlyCount "64"]
[EventDate "2017.07.24"]
[EventType "swiss"]
[EventRounds "9"]
[EventCountry "SUI"]
[SourceTitle "CBM 179 Extra"]
[Source "ChessBase"]
[SourceDate "2017.08.23"]
[SourceVersion "1"]
[SourceVersionDate "2017.08.23"]
[SourceQuality "1"]

1. d4 d5 2. c4 c6 3. cxd5 cxd5 4. Nc3 Nf6 5. Bf4 Nc6 6. e3 Bf5 7. Qb3 Na5 8. Qa4+ Bd7 9. Qc2 e6 10. Bd3 Nh5 11. Be5 Nc6 12. a3 Qg5 13. Bg3 Qh6 14. Nh3 Nxg3 15. hxg3 Rc8 16. f4 Bd6 17. 0-0-0 Qf6 18. Ng5 h6 19. Kb1 g6 20. Nf3 Qe7 21. Ne5 a6 22. Rc1 Bc7 23. Nxd7 Qxd7 24. Na4 Bd8 25. Nc5 Qe7 26. Qa4 Kf8 27. Rc2 Kg7 28. Rhc1 Na7 29. Qd7 Qxd7 30. Nxd7 Rxc2 31. Rxc2 Re8 32. b4 Re7 1/2-1/2

[Event "Wch Blitz"]
[Site "Doha"]
[Date "2016.12.30"]
[Round "14"]
[White "Al Sayed, Mohammed"]
[Black "Howell, David"]
[Result "1-0"]
[WhiteElo "2508"]
[BlackElo "2644"]
[PlyCount "121"]
[EventDate "2016.12.29"]
[EventType "swiss (blitz)"]
[EventRounds "21"]
[EventCountry "QAT"]
[SourceTitle "CBM 176 Extra"]
[Source "ChessBase"]
[SourceDate "2017.03.02"]
[SourceVersion "1"]
[SourceVersionDate "2017.03.02"]
[SourceQuality "1"]

1. d4 d5 2. c4 c6 3. Nc3 Nf6 4. cxd5 cxd5 5. Bf4 Nc6 6. e3 a6 7. Bd3 Bg4 8. Nge2 e6 9. 0-0 Bd6 10. Bxd6 Qxd6 11. f3 Bh5 12. Nf4 Bg6 13. Nxg6 hxg6 14. f4 g5 15. Qf3 gxf4 16. Qxf4 Qxf4 17. Rxf4 Rc8 18. h3 Na5 19. e4 dxe4 20. Nxe4 Nd5 21. Rf2 Ke7 22. Raf1 Rhf8 23. Ng5 f6 24. Nf3 Kd6 25. Re1 Rfe8 26. Nh4 Nc6 27. Nf3 Re7 28. a3 g5 29. g3 Rh8 30. Kg2 Ree8 31. Rfe2 Nd8 32. Nd2 Nc6 33. Ne4+ Ke7 34. Nc3 Nc7 35. d5 Nd4 36. Re4 Nb3 37. dxe6 Nc5 38. Rc4 Kd6 39. Bf5 N7xe6 40. b4 Nd7 41. Ne4+ Ke7 42. Bxe6 Kxe6 43. Nc5+ Kd5 44. Rec1 Ne5 45. R4c2 b6 46. Rd2+ Kc6 47. Nxa6+ Kb7 48. b5 Re7 49. Rdc2 Rd8 50. Rc7+ Rxc7 51. Rxc7+ Ka8 52. Rc2 Rd3 53. a4 Kb7 54. h4 gxh4 55. gxh4 Ng6 56. Rc6 Nxh4+ 57. Kf2 f5 58. Rc7+ Ka8 59. Rh7 Nf3 60. Nb4 Ng5 61. Rh8+ 1-0

[Event "Wch Blitz"]
[Site "Doha"]
[Date "2016.12.30"]
[Round "18"]
[White "Al Sayed, Mohammed"]
[Black "Moiseenko, Alexander"]
[Result "1-0"]
[WhiteElo "2508"]
[BlackElo "2657"]
[PlyCount "155"]
[EventDate "2016.12.29"]
[EventType "swiss (blitz)"]
[EventRounds "21"]
[EventCountry "QAT"]
[SourceTitle "CBM 176 Extra"]
[Source "ChessBase"]
[SourceDate "2017.03.02"]
[SourceVersion "1"]
[SourceVersionDate "2017.03.02"]
[SourceQuality "1"]

1. d4 Nf6 2. c4 e6 3. Nf3 Bb4+ 4. Nbd2 b6 5. a3 Bxd2+ 6. Qxd2 Bb7 7. e3 0-0 8. Be2 d6 9. b3 Nbd7 10. Bb2 Ne4 11. Qc2 f5 12. d5 exd5 13. cxd5 Bxd5 14. Nd4 Ne5 15. f3 Qh4+ 16. g3 Nxg3 17. hxg3 Qxh1+ 18. Kd2 Qg2 19. Qxc7 Rad8 20. f4 Rd7 21. Qc3 Nf3+ 22. Nxf3 Bxf3 23. Re1 Bxe2 24. Rxe2 Qd5+ 25. Ke1 Re8 26. Kf2 h6 27. Re1 Kh7 28. b4 Ree7 29. Qd4 Qxd4 30. Bxd4 Rc7 31. Kf3 Rc2 32. Ra1 d5 33. g4 fxg4+ 34. Kxg4 Re6 35. a4 Rg6+ 36. Kf5 Rc7 37. a5 b5 38. Bc5 h5 39. Rh1 Rh6 40. Rh4 a6 41. Ke5 Rd7 42. f5 Kg8 43. Kf4 Kf7 44. Kg5 Rd8 45. Bd4 Re8 46. f6 gxf6+ 47. Kf5 Rg8 48. Rh2 Rg5+ 49. Kf4 h4 50. Bb6 h3 51. Bc7 Rg2 52. Rh1 h2 53. Kf3 Rc2 54. Bf4 Ke6 55. Bxh6 Rb2 56. Bf4 Rxb4 57. Rxh2 Ra4 58. Bc7 d4 59. Rh4 dxe3 60. Rh1 Kd5 61. Kxe3 Ra3+ 62. Kd2 b4 63. Rc1 f5 64. Bb6 Ra2+ 65. Ke3 Ra3+ 66. Kf4 Rc3 67. Rb1 b3 68. Kxf5 Kc4 69. Bc7 Kd3 70. Be5 Kc2 71. Bxc3 Kxb1 72. Ke4 Kc2 73. Kd4 Kc1 74. Kc5 Kc2 75. Bf6 Kd3 76. Kb6 Ke4 77. Kxa6 Kf5 78. Bb2 1-0